000 00989nac a22002897a 4500
001 BR4400037
003 BR-BrBNA
005 20250219091616.0
008 230509b bl.|||m| |||| 00| 0 por d
040 _aBR-BrBNA
_bpor
_cBiblioteca Nacional de Agricultura
072 _aL73
090 _aL73 BR4400037
110 1 _aDepartamento Nacional da Producao Animal, Rio de Janeiro, GB (Brasil). Inst. de Biologia Animal;
_93209
110 1 _aServico de Informacao Agricola, Rio de Janeiro, GB (Brasil)
245 1 _aColeta de material para exame. Instrucoes da secao de patologia animal
260 3 _aRio de Janeiro, GB (Brasil):
_c1944.
300 _a54 p.
490 _aSIA (Brazil)
_vno. 188
500 _a20 illus.
650 _aDoenca animal
650 _aDefesa animal
650 _aMicrobiologia
650 _aInoculacao
650 _aLaboratorio
856 _uhttps://repositorio-dspace.agricultura.gov.br/bitstream/1/5977/1/1944%20SIA%20188.pdf
942 _2AGRIS
_n0
_cMS
999 _c260526
_d260526